000 00413nam a22001217a 4500
999 _c9473
_d9473
003 OSt
008 201203b ||||| |||| 00| 0 eng d
245 _aIndian Journal Of Fiber And Textile Research
250 _a2007( Dec Vol.32 No.4 ) 2008( Mar Vol.33 No.1, Jun Vol.33 No.2, Sep Vol.33 No.3 )
260 _aNew Delhi
_bNational Instt. Of Sci. Comm. And Info. Res.
650 _aTextile Engineering
942 _2ddc
_cBV